000 00191nam a22000857a 4500
003 SGT
245 _aPRACTICAL WIRELESS (JAN-DEC)
260 _aNEW DELHI
_bNEWS & PRODUCTS
_c2011
942 _2ddc
_cBV
999 _c17306
_d17306